| 000 | 00774nam a2200181 a 4500 | ||
|---|---|---|---|
| 001 | 000029735 | ||
| 005 | 20200930055751.0 | ||
| 008 | 110425s2000 dr 000 0 spa d | ||
| 040 |
_aDO-SdBNP _bspa _cBNPHU |
||
| 100 | 1 |
_aShallat, Lezak _956518 |
|
| 245 | 1 | 0 |
_aConceptos de género en la planificación del desarrollo : _benfoque básico / _cpreparado por Lezak Shallat, Ursula Paredes ; traducción al español Marta Fernández. |
| 260 |
_aSanto Domingo : _bInstituto Internacional de las Naciones Unidas de Investigaciones y Capacitación para la Promoción de la Mujer (INSTRAW) (INSTRAW), _c[2000]. |
||
| 300 |
_a28 p. ; _c28 cm. |
||
| 504 | _aBibliografía : p. 27-28 | ||
| 700 | 1 |
_aParedes, Ursula _956519 |
|
| 700 | 1 |
_aFernández, Marta _etrad. _910106 |
|
| 049 | _aBNPD | ||
| 999 |
_c29227 _d29227 |
||